| 000 | 00883cam a2200265 a 4500 | ||
|---|---|---|---|
| 999 |
_c2565 _d2565 |
||
| 003 | OSt | ||
| 005 | 20210714072833.0 | ||
| 008 | 110725s2012 at a b 001 0 eng | ||
| 020 | _a9780538478298 | ||
| 020 | _a0538478292 | ||
| 040 | _cDLC | ||
| 042 | _apcc | ||
| 050 | 0 | 0 |
_aT58.6 _b.S72 2012 |
| 100 | 1 | _aStair, Ralph M. | |
| 245 | 1 | 0 |
_aPrinciples of information systems / _cRalph M. Stair, George W. Reynolds. |
| 250 | _a10th ed. | ||
| 260 |
_aAustralia ; _aUnited States : _bCourse Technology Cengage Learning, _cc2012. |
||
| 300 |
_axxvii, 676 p. : _bcol. ill. ; _c29 cm. |
||
| 504 | _aIncludes bibliographical references and index. | ||
| 650 | 0 | _aManagement information systems. | |
| 700 | 1 |
_aReynolds, George Walter, _d1944- |
|
| 906 |
_a7 _bcbc _corigcop _d2 _encip _f20 _gy-gencatlg |
||
| 942 |
_2lcc _cBK _nSO |
||